000 00789nam a2200253Ia 4500
003 OSt
005 20221005112817.0
006 a|||||r|||| 00| 0
007 ta
008 221004b |||||||| |||| 00| 0 pan d
020 _c125
024 _a95115
037 _b72872, 31/12/2008, Arsee Publishers
_cTextual
040 _aCRL
_cCRL
_bpan
041 _2pan
_apan
082 _aO153,3N26,IK, P6
100 _aਪੁਰੀ, ਕੈਲਾ
245 0 _aਇਕ ਸੀ ੈਨਨ
260 _aਦਿੱਲੀ
_bਆਰਸੀ ਭਾਰਤ
_c2006
300 _a120ਪੰ
_ccm.
650 _aਪੰਜਾਬੀ ਸਾਹਿਤ
942 _hO153,3N26,IK, P6
_cTEXL
_2cc
999 _c1026049
_d1026049